| 000 | 01142cam a2200277 i 4500 | ||
|---|---|---|---|
| 999 |
_c58096 _d58096 |
||
| 001 | 20623217 | ||
| 005 | 20221108134338.0 | ||
| 008 | 180722s2019 nyu b 001 0 eng c | ||
| 020 | _a9781462536375x | ||
| 041 | _aeng | ||
| 080 | _a376 L- 44 | ||
| 245 | 1 | 0 |
_aLearning disabilities : _bfrom identification to intervention / _cJack M. Fletcher, G. Reid Lyon, Lynn S. Fuchs, Marcia A. Barnes. |
| 250 | _aSecond edition. | ||
| 264 | 1 |
_aNew York : _bThe Guilford Press, _c2019. |
|
| 300 |
_a418 pages ; _c26 cm. |
||
| 653 | _aსწავლის უნარის შეზღუდვა | ||
| 653 | _aНарушения обучаемости | ||
| 653 | _aპედაგოგიკა | ||
| 653 | _aПедагогика | ||
| 700 | 1 |
_aLyon, G. Reid, _eავტორი _912039 |
|
| 700 | 1 |
_aFuchs, Lynn, _eავტორი _912040 |
|
| 700 | 1 |
_aBarnes, Marcia A., _d _eავტორი _912041 |
|
| 700 | 1 |
_aFletcher,Jack M. _dავტორი _912081 |
|
| 856 |
_uhttps://books.google.ge/books?id=RhpKDwAAQBAJ&pg=PA44&source=gbs_selected_pages&cad=2#v=onepage&q&f=false _yელ. ვერსია |
||
| 942 |
_2udc _cBK |
||